Responsabilidad Ambiental: Propuestas para nuestro planeta (Registro nro. 7663)

Detalles MARC
000 -CABECERA
Campo de control 00775nam a22002297a 4500
005 - FECHA Y HORA DE LA ULTIMA TRANSACCION
Campo de control 20130910094546.0
008 - ELEMENTOS DE LONGITUD FIJA—INFORMACION GENERAL
Campo de control 130910b2013 ck |||||r|||| 00| 0 spa d
020 ## - ISBN
ISBN 9789588188218
041 ## - IDIOMA
Código de idioma para texto/pista de sonido o título separado Español
044 ## - PAÍS DE PUBLICACIÓN
País de publicación Colombia
082 ## - NUMERO DE CLASIFICACION DECIMAL DEWEY
Número de clasificación 333.72
Número del ítem C25r
245 00 - MENCION DE TITULO
Título Responsabilidad Ambiental: Propuestas para nuestro planeta
Parte restante del título Editado por Norma Morely Gaona Guevara
260 ## - PUBLICACION, DISTRIBUCION, ETC. (PIE DE IMPRENTA)
Lugar de publicación, distribución, etc. Bogotá
Nombre del editor, distribuidor, etc. Corporación Autónoma Regional de Cundinamarca CAR
Fecha de publicación, distribución, etc. 2013
300 ## - DESCRIPCION FISICA
Extensión 156 p.
Otros detalles físicos il.
Dimensiones 24 cm.
650 #6 - ASIENTO SECUNDARIO DE MATERIA - TERMINO TEMATICO
Término temático o nombre geográfico como elemento de entrada Responsabilidad por el medio ambiente
Subdivisión geográfica Colombia
650 ## - ASIENTO SECUNDARIO DE MATERIA - TERMINO TEMATICO
Término temático o nombre geográfico como elemento de entrada Contaminación
650 ## - ASIENTO SECUNDARIO DE MATERIA - TERMINO TEMATICO
Término temático o nombre geográfico como elemento de entrada investigación ambiental
650 ## - ASIENTO SECUNDARIO DE MATERIA - TERMINO TEMATICO
Término temático o nombre geográfico como elemento de entrada Conocimiento ambiental
650 ## - ASIENTO SECUNDARIO DE MATERIA - TERMINO TEMATICO
Término temático o nombre geográfico como elemento de entrada Gestión del conocimiento
651 ## - ASIENTO SECUNDARIO DE MATERIA - NOMBRE GEOGRAFICO
Subdivisión geográfica Colombia
942 ## - ELEMENTOS ADICIONALES (KOHA)
Sistema de clasificación Dewey Decimal Classification
Tipo de ítem Impreso

No hay ítems disponibles.